Представление документа в формате RUSMARC

ПолеНазваниеЗначение
  Тип записи a
  Библиографический уровень m
001 Контрольный номер 5ef31d7e4e5143ae86ad9da86ec72fd2
005 Дата корректировки 20201206205143.0
010 Индекс ISBN __
a ISBN 978-5-4444-6592-9 (в пер.)
d Цена 322-00, 1000 экз.
100 Данные общей обработки __
a Данные общей обработки 19180831d2018||||||| 0rusy0189 ca
101 Язык документа 0_
a Язык текста rus
102 Страна публикации __
a Страна публикации ru
102 Страна публикации __
a Страна публикации ru
105 Кодированные данные (монография) __
a Кодированные данные (монография) |||||||||00zy
200 Заглавие и сведения об ответственности 1_
a Заглавие Там, где бродит смерть
e Сведения, относящиеся к заглавию [роман]
f Первые сведения об ответственности Александр Марков
b Общее обозначение материала Текст
210 Выходные данные __
a Место издания Москва
c Издательство Вече
d Дата издания 2018
215 Физическое описание __
a Объем 319 с.
d Формат 21 см
225 Серия __
a Серия Военные приключения
330 Аннотация __
a Аннотация Первая мировая война в самом разгаре, еще не понятно, на чью сторону склонится чаша весов, на которой лежит победа. Однако в Германии появляется новое оружие, которое может повлиять на весь дальнейший ход сражений. Для того чтобы разрушить планы противника, в тыл врага уходит особый отряд под командованием капитана Мазурова. Им предстоит трудный и смертельно опасный рейд.
333 Примечание о целевом назначении __
a Примечание о целевом назначении 12+. Для детей старше 12 лет
606 Тематические рубрики __
a Основная рубрика Художественная литература
606 Тематические рубрики __
a Основная рубрика Современная русская литература (произведения)
610 Ключевые слова __
a Ключевые слова приключенческие романы
a Ключевые слова проза
a Ключевые слова романы
a Ключевые слова современная проза
a Ключевые слова тема войны
a Ключевые слова тема оружия
a Ключевые слова тема приключений
a Ключевые слова тема сражений
686 Индексы других классификаций __
2 Код системы rubbks
a Классификационный индекс 84(2=411.2)6-4; ст84(2Рос=Рус)6-4
700 Автор _1
a Фамилия Марков
b Имя А. В.
f Даты 1965-
g Полное личное имя Александр Владимирович
4 Код отношения 070
801 Источник записи _0
a Страна ru
b Организация Муниципальное бюджетное учреждение культуры "Централизованная библиотечная система" г. Сургут (Центральная городская библиотека им. А. С. Пушкина)
c Дата составления 20180831
g Правила каталогизации rpk
801 Источник записи _1
a Страна ru
b Организация Муниципальное бюджетное учреждение культуры "Централизованная библиотечная система" г. Сургут (Центральная городская библиотека им. А. С. Пушкина)
c Дата составления 20180831
g Правила каталогизации rpk
852 Данные о местонахождении __
j Шифр хранения 84(2=411.2)6-4
i Авторский знак М 26
901 Тип документа __
t Тип документа m
a Ответственный ООФиК/Волкова
903 Характеристики (МАРС) __
a Дата передачи 20180831
990 Данные о заказе (DOS) __
j Количество экземпляров (DOS) 5
t N записи в КСУ для И/У (DOS) 201809